Statystyki dla Najlepsi strzelcy Chelsea w PL w ostatniej dekadzie

Kliknij tutaj aby rozwiązać quiz!

Ogólne statystyki

  • Ten quiz został rozwiązany 348 razy
  • Średni wynik to 6 z 10

Statystyki odpowiedzi

SezonNajlepszy strzelec% Poprawnych
2018/19Eden Hazard
88%
2017/18Eden Hazard
85%
2009/10Didier Drogba
81%
2016/17Diego Costa
73%
2015/16Diego Costa
69%
2014/15Diego Costa
67%
2013/14Eden Hazard
59%
2011/12Lampard/Sturridge
58%
2012/13Frank Lampard
54%
2010/11Florent Malouda
15%

Rozkład punktacji

Percentyl według liczby udzielonych odpowiedzi

Procent ludzi z każdym wynikiem

Twoja historia wyników

Nie rozwiązałeś tego quizu